000 01802nam2a2200325 4500
001 RU\NLR\BIBL_A\011254104
005 20250626033807.0
021 _aRU
_b2016-78654
_95123
035 _a(NLR Aleph) 011254104
090 _a12183428
_c12183428
100 _a20161026d2016 |||y0rusy50 ca
101 0 _arus
_deng
102 _aRU
105 _aab z 001zy
200 1 _aГеоинформационные технологии и космический мониторинг
_dGeoinformation technologies and space monitoring
210 _d2016
_aБ. м.
215 _a347 с.
_cил., цв. ил., карт.
300 _aНа обл.: ISSN 2500-123Х
300 _aРез. ст. на англ. яз.
320 _aБиблиогр. в конце ст.
320 _aАлф. указ. авт.: с. 346-347
461 0 _1001RU\NLR\BIBL_A\011275854
_12001#$aЭкология. Экономика. Информатика$dEcology. Economy. Informatics$eсборник статей$fРос. фонд фундам. исслед. [и др.$gредкол.: акад. Матишов Г.Г. (гл. ред.) и др.]$zeng$vТ. 2
_910846408
_cРостов-на-Дону
_d2016
_fРос. фонд фундам. исслед. [и др.
_lEcology. Economy. Informatics
_nИзд-во ЮНЦ РАН
_oсборник статей
_tЭкология. Экономика. Информатика
_vТ. 2
510 1 _aGeoinformation technologies and space monitoring
_zeng
607 _aЗемля, планета
_jСборники
_xДистанционное зондирование
_xГеоинформационные технологии
_92268971
_3RU\NLR\AUTH\6601589239
686 1 _aД0в751я43
942 _cBOOK
980 _aNB